Lore & legends of Kerala: (Record no. 27132)
[ view plain ]
| 000 -LEADER | |
|---|---|
| fixed length control field | 02867naa a2200385 4500 |
| 005 - DATE AND TIME OF LATEST TRANSACTION | |
| control field | 20090602113243.0 |
| 008 - FIXED-LENGTH DATA ELEMENTS--GENERAL INFORMATION | |
| fixed length control field | 080820t xxu||||| |||| 00| 0 eng d |
| 010 ## - LCCN (DPL NO) | |
| LC control number | ENG-93831 |
| 020 ## - INTERNATIONAL STANDARD BOOK NUMBER | |
| International Standard Book Number | 9780195698893 |
| Terms of availability | 325.00 |
| 020 ## - INTERNATIONAL STANDARD BOOK NUMBER | |
| International Standard Book Number | 0195698894 |
| Terms of availability | 325.00 |
| 035 ## - SYSTEM CONTROL NUMBER | |
| System control number | EN-77364 |
| 035 ## - SYSTEM CONTROL NUMBER | |
| System control number | B-363048-054 |
| 037 ## - SOURCE OF ACQUISITION | |
| Source of stock number/acquisition | DBAD / PUB |
| 037 ## - SOURCE OF ACQUISITION | |
| Source of stock number/acquisition | Uppal Book Store |
| 040 ## - CATALOGING SOURCE | |
| Original cataloging agency | dpl |
| Language of cataloging | English |
| 082 ## - DEWEY DECIMAL CLASSIFICATION NUMBER | |
| Classification number | 398.2095483 |
| 245 ## - TITLE STATEMENT | |
| Title | Lore & legends of Kerala: |
| Statement of responsibility, etc | translated from Malayalam by T.C. Narayan; illustrated by C.N. Karunakaran & Namboodiri |
| Remainder of title | selections form Kottarathil Sankunnis' Aithihyamala / |
| 260 ## - PUBLICATION, DISTRIBUTION, ETC. (IMPRINT) | |
| Place of publication, distribution, etc | New Delhi |
| Name of publisher, distributor, etc | Oxford University Press |
| Date of publication, distribution, etc | 2009 |
| 270 ## - ADDRESS | |
| Address | YMCA Library Building, Jai Singh Road, |
| City | New Delhi |
| State or province | Delhi |
| Postal code | 110001 |
| 300 ## - PHYSICAL DESCRIPTION | |
| Extent | xiii, 192p.: |
| Dimensions | 25cm(pbk) |
| Other physical details | ill. |
| 500 ## - GENERAL NOTE | |
| General note | Includes index |
| 700 ## - ADDED ENTRY--PERSONAL NAME | |
| Personal name | Narayan,T.C. |
| 700 ## - ADDED ENTRY--PERSONAL NAME | |
| Personal name | Karunakaran, C.N. |
| 700 ## - ADDED ENTRY--PERSONAL NAME | |
| Personal name | Namboodiri |
| 942 ## - ADDED ENTRY ELEMENTS (KOHA) | |
| Institution code [OBSOLETE] | dpl |
| Item type | English Books |
| Source of classification or shelving scheme | Dewey Decimal Classification |
| Call number suffix | LOR |
| Classification part | 398.20954483 |
| Withdrawn status | Lost status | Source of classification or shelving scheme | Damaged status | Not for loan | Collection code | Home library | Current library | Date acquired | Source of acquisition | Cost, normal purchase price | Total Checkouts | Full call number | Barcode | Date last seen | Copy number | Cost, replacement price | Koha item type |
|---|---|---|---|---|---|---|---|---|---|---|---|---|---|---|---|---|---|
| Dewey Decimal Classification | Non-fiction | Central Library | Central Library | 26/03/2010 | Uppal Book Store/UBS 9056/6.11.09/128/16.10.09/12.11.09 | 325.00 | 1 | 398.20954483 LOR | B-363048 | 11/09/2018 | 1 | 325.00 | English Books | ||||
| Dewey Decimal Classification | Not For Loan | Non-fiction | D.B.Act.Division | D.B.Act.Division | 02/06/2009 | DBAD / PUB | 325.00 | 398.20954483 LOR | EN-77364 | 02/06/2009 | 1 | 325.00 | English Books | ||||
| Dewey Decimal Classification | Non-fiction | Janak Puri | Janak Puri | 26/03/2010 | Uppal Book Store/UBS 9056/6.11.09/128/16.10.09/12.11.09 | 325.00 | 3 | 398.20954483 LOR | B-363050 | 04/05/2011 | 1 | 325.00 | English Books | ||||
| Dewey Decimal Classification | Non-fiction | Karol Bagh | Karol Bagh | 26/03/2010 | Uppal Book Store/UBS 9056/6.11.09/128/16.10.09/12.11.09 | 325.00 | 398.20954483 LOR | B-363053 | 26/03/2010 | 1 | 325.00 | English Books | |||||
| Dewey Decimal Classification | Non-fiction | Patel Nagar | Patel Nagar | 26/03/2010 | Uppal Book Store/UBS 9056/6.11.09/128/16.10.09/12.11.09 | 325.00 | 398.20954483 LOR | B-363049 | 26/03/2010 | 1 | 325.00 | English Books | |||||
| Dewey Decimal Classification | Non-fiction | Sarojini Nagar | Sarojini Nagar | 26/03/2010 | Uppal Book Store/UBS 9056/6.11.09/128/16.10.09/12.11.09 | 325.00 | 398.20954483 LOR | B-363051 | 26/03/2010 | 1 | 325.00 | English Books | |||||
| Dewey Decimal Classification | Non-fiction | Shahdara Branch | Shahdara Branch | 26/03/2010 | Uppal Book Store/UBS 9056/6.11.09/128/16.10.09/12.11.09 | 325.00 | 1 | 398.20954483 LOR | B-363054 | 02/12/2023 | 1 | 325.00 | English Books | ||||
| Dewey Decimal Classification | Non-fiction | Vinoba Puri | Vinoba Puri | 26/03/2010 | Uppal Book Store/UBS 9056/6.11.09/128/16.10.09/12.11.09 | 325.00 | 398.20954483 LOR | B-363052 | 26/03/2010 | 1 | 325.00 | English Books |
